[Event "Monarque noir-Tch"]
[Site "Gatineau CAN"]
[Date "2008.01.29"]
[Round "3"]
[White "Arsenault, Michel"]
[Black "Menard, Marc"]
[Result "1-0"]
[WhiteElo "2006"]
[BlackElo "1597"]
[PlyCount "35"]
[GameId "2160767910549046"]
[EventDate "2008.01.15"]
[EventType "team-swiss"]
[EventRounds "7"]
[EventCountry "CAN"]
[SourceTitle "EXT 2011"]
[Source "ChessBase"]
[SourceDate "2011.11.26"]
[SourceVersion "1"]
[SourceVersionDate "2011.11.26"]
[SourceQuality "1"]

1. c4 e5 2. g3 Nf6 3. Bg2 d5 4. cxd5 Nxd5 5. Nc3 c6 6. Nxd5 cxd5 7. Qb3 e4 8. f3 f5 9. Nh3 Nc6 10. Nf4 Ne7 11. fxe4 dxe4 12. d3 exd3 13. Nxd3 Qb6 14. Qxb6 axb6 15. Be3 b5 16. a3 Nc6 17. Rc1 Be6 18. Rxc6 1-0

[Event "Monarque noir-Tch"]
[Site "Gatineau CAN"]
[Date "2008.01.29"]
[Round "3"]
[White "Berthiaume, Serge"]
[Black "Kennedy, Phillip"]
[Result "1/2-1/2"]
[WhiteElo "1290"]
[BlackElo "1337"]
[PlyCount "128"]
[GameId "2160767910549047"]
[EventDate "2008.01.15"]
[EventType "team-swiss"]
[EventRounds "7"]
[EventCountry "CAN"]

1. d4 Nf6 2. c4 e6 3. a3 Nc6 4. Nc3 d5 5. Bf4 Bd6 6. Bxd6 cxd6 7. cxd5 exd5 8. e3 O-O 9. Nf3 Be6 10. Bd3 Qd7 11. Qc2 Ne7 12. Ng5 Bf5 13. e4 dxe4 14. Ngxe4 Nxe4 15. Nxe4 Bxe4 16. Bxe4 Qe6 17. O-O Rac8 18. Bxh7+ Kh8 19. Qd3 g6 20. Rae1 Qf5 21. Bxg6 fxg6 22. Qe3 Ng8 23. f4 Rce8 24. Qc3 d5 25. Re5 Rxe5 26. dxe5 Qe6 27. Rf3 Nh6 28. Qc7 Qb6+ 29. Qxb6 axb6 30. g3 Rc8 31. Rf2 Ng4 32. Rd2 Ne3 33. Kf2 Nf5 34. g4 Ne7 35. Ke3 b5 36. h4 Rc4 37. Rd4 b6 38. Rxc4 bxc4 39. Kd4 Kg7 40. h5 gxh5 41. gxh5 Kh6 42. f5 Nxf5+ 43. Kxd5 Kxh5 44. Kxc4 Ne7 45. Kb5 Nc8 46. e6 Kg6 47. e7 Kf7 48. Kc6 Kxe7 49. Kc7 Nd6 50. Kxb6 Nc4+ 51. Kb5 Nxb2 52. Kb4 Kd7 53. Kb3 Nd3 54. Kc4 Nb2+ 55. Kc3 Na4+ 56. Kb3 Nc5+ 57. Kb4 Kc6 58. Ka5 Kb7 59. Kb5 Nd7 60. a4 Ka8 61. Kc6 Nb8+ 62. Kb5 Nd7 63. a5 Ne5 64. Kb6 Nc4+ 1/2-1/2

[Event "Monarque noir-Tch"]
[Site "Gatineau CAN"]
[Date "2008.01.29"]
[Round "3"]
[White "Blouin, Francois"]
[Black "Desjardins, Michel"]
[Result "0-1"]
[WhiteElo "1512"]
[BlackElo "1943"]
[PlyCount "122"]
[GameId "2160767910549048"]
[EventDate "2008.01.15"]
[EventType "team-swiss"]
[EventRounds "7"]
[EventCountry "CAN"]
[SourceTitle "EXT 2011"]
[Source "ChessBase"]
[SourceDate "2011.11.26"]
[SourceVersion "1"]
[SourceVersionDate "2011.11.26"]
[SourceQuality "1"]

1. e4 d5 2. exd5 Qxd5 3. Nc3 Qd6 4. Nf3 Nf6 5. g3 Bg4 6. Bg2 Nc6 7. d3 O-O-O 8. Be3 e5 9. h3 Bh5 10. g4 Bg6 11. Ng5 h6 12. Nge4 Nxe4 13. Nxe4 Qb4+ 14. Bd2 Qd4 15. Bc3 Qd7 16. Qd2 Be7 17. Qe2 Nd4 18. Bxd4 Qxd4 19. O-O-O f6 20. Qf3 c6 21. Ng3 Qd7 22. Qe3 Kb8 23. Ne4 Bf7 24. Nc5 Qc7 25. Nb3 Qb6 26. Qxb6 axb6 27. a3 c5 28. Rhe1 Bd6 29. Nd2 Rhe8 30. Be4 Bc7 31. h4 g6 32. Nc4 Rg8 33. Ne3 b5 34. Rh1 h5 35. gxh5 gxh5 36. Nf5 Be6 37. Rhg1 Bb6 38. Rxg8 Rxg8 39. Nd6 c4 40. dxc4 bxc4 41. f3 Rd8 42. c3 Bf2 43. Bg6 Bxh4 44. Bxh5 Bg5+ 45. Kc2 Rh8 46. Bg4 Rh2+ 47. Kb1 Bxg4 48. fxg4 Rg2 49. Nxc4 Rxg4 50. Rd8+ Kc7 51. Rf8 Rxc4 52. Kc2 Rg4 53. Kd3 Rf4 54. Rf7+ Kc6 55. Re7 e4+ 56. Rxe4 Rxe4 57. Kxe4 Bc1 58. b3 Bxa3 59. Kf5 Bb2 60. Kxf6 Bxc3+ 61. Ke6 b6 0-1

[Event "Monarque noir-Tch"]
[Site "Gatineau CAN"]
[Date "2008.01.29"]
[Round "3"]
[White "Duret, Serge"]
[Black "Dupont, Claude"]
[Result "0-1"]
[WhiteElo "1035"]
[BlackElo "1513"]
[PlyCount "60"]
[GameId "2160767910549049"]
[EventDate "2008.01.15"]
[EventType "team-swiss"]
[EventRounds "7"]
[EventCountry "CAN"]
[SourceTitle "EXT 2011"]
[Source "ChessBase"]
[SourceDate "2011.11.26"]
[SourceVersion "1"]
[SourceVersionDate "2011.11.26"]
[SourceQuality "1"]

1. e4 c5 2. Nf3 d6 3. d4 cxd4 4. Nxd4 a6 5. Nc3 e5 6. Nf3 Nf6 7. Bg5 Be7 8. Bxf6 Bxf6 9. Nd5 O-O 10. Be2 b5 11. O-O Bb7 12. Re1 Nd7 13. Qd3 Nc5 14. Qe3 Bxd5 15. exd5 b4 16. b3 a5 17. h4 Bxh4 18. Nxh4 Qxh4 19. c3 bxc3 20. Qxc3 Rfc8 21. b4 axb4 22. Qh3 Qxh3 23. gxh3 Ra3 24. Kg2 Rca8 25. Bc4 b3 26. Re2 bxa2 27. Bxa2 f5 28. f3 f4 29. Rb2 Kf8 30. Kf2 Nd3+ 0-1

[Event "Monarque noir-Tch"]
[Site "Gatineau CAN"]
[Date "2008.01.29"]
[Round "3"]
[White "Forget, David"]
[Black "Cossette, Daniel"]
[Result "0-1"]
[WhiteElo "1930"]
[BlackElo "2125"]
[PlyCount "78"]
[GameId "2160767910549050"]
[EventDate "2008.01.15"]
[EventType "team-swiss"]
[EventRounds "7"]
[EventCountry "CAN"]
[SourceTitle "EXT 2011"]
[Source "ChessBase"]
[SourceDate "2011.11.26"]
[SourceVersion "1"]
[SourceVersionDate "2011.11.26"]
[SourceQuality "1"]

1. d4 d5 2. c4 e6 3. Nc3 c5 4. cxd5 exd5 5. dxc5 d4 6. Ne4 Nc6 7. Nf3 Bf5 8. Ng3 Bg4 9. Qc2 Nf6 10. h3 d3 11. Qxd3 Qxd3 12. exd3 Bxf3 13. gxf3 Nd4 14. Kd1 Bxc5 15. Ne4 Be7 16. Nxf6+ Bxf6 17. Be2 O-O 18. Be3 b6 19. Rc1 Rac8 20. b3 Rxc1+ 21. Bxc1 Re8 22. Be3 Nb5 23. a4 Nd4 24. Bxd4 Bxd4 25. Ke1 Rc8 26. Bd1 Bc3+ 27. Kf1 Rc5 28. Rg1 g6 29. Rg4 Kg7 30. Rc4 Kf6 31. Rxc5 bxc5 32. Ke2 Kg5 33. Kf1 Kf4 34. Ke2 Ke5 35. Bc2 f5 36. Bd1 Ba5 37. Bc2 Kd4 38. Kd1 Kc3 39. h4 h5 0-1

[Event "Monarque noir-Tch"]
[Site "Gatineau CAN"]
[Date "2008.01.29"]
[Round "3"]
[White "Jani, Louis"]
[Black "MacIsaac, Alexandre"]
[Result "0-1"]
[WhiteElo "1460"]
[BlackElo "1323"]
[PlyCount "82"]
[GameId "2160767910549051"]
[EventDate "2008.01.15"]
[EventType "team-swiss"]
[EventRounds "7"]
[EventCountry "CAN"]
[SourceTitle "EXT 2011"]
[Source "ChessBase"]
[SourceDate "2011.11.26"]
[SourceVersion "1"]
[SourceVersionDate "2011.11.26"]
[SourceQuality "1"]

1. e4 e5 2. Nf3 Nc6 3. Bc4 Bc5 4. c3 Nf6 5. d4 exd4 6. cxd4 Bb4+ 7. Nc3 Nxe4 8. O-O Nxc3 9. bxc3 Bxc3 10. Ba3 d6 11. Bxf7+ Kxf7 12. Qb3+ d5 13. Qxc3 Re8 14. Rfe1 Kg8 15. Qc5 a6 16. Rxe8+ Qxe8 17. Qxd5+ Be6 18. Qe4 Bd7 19. Qf4 Rc8 20. Re1 Qf7 21. Qd2 Rd8 22. d5 Nb8 23. d6 c6 24. Re7 Qf6 25. Bb2 Qf5 26. Rxg7+ Kf8 27. Qc1 Re8 28. Rg5 Qe4 29. Re5 Rxe5 30. Bxe5 Qe2 31. Qh6+ Ke8 32. Qd2 Qxd2 33. Nxd2 Be6 34. a4 Nd7 35. f4 Kf7 36. Kf2 b5 37. axb5 cxb5 38. Ne4 Kg6 39. Ke3 Kf5 40. Ng5 Nxe5 41. fxe5 Kxg5 0-1

[Event "Monarque noir-Tch"]
[Site "Gatineau CAN"]
[Date "2008.01.29"]
[Round "3"]
[White "Lacourse, Guy"]
[Black "Berthiaume, Patrick"]
[Result "1-0"]
[WhiteElo "1583"]
[BlackElo "1098"]
[PlyCount "83"]
[GameId "2160767910549052"]
[EventDate "2008.01.15"]
[EventType "team-swiss"]
[EventRounds "7"]
[EventCountry "CAN"]
[SourceTitle "EXT 2011"]
[Source "ChessBase"]
[SourceDate "2011.11.26"]
[SourceVersion "1"]
[SourceVersionDate "2011.11.26"]
[SourceQuality "1"]

1. d4 Nf6 2. c4 g6 3. Nc3 Bg7 4. e4 d6 5. Be2 Nbd7 6. Be3 O-O 7. Qd2 e5 8. d5 Ne8 9. Nf3 f5 10. Bh6 f4 11. Bxg7 Kxg7 12. h4 Nef6 13. O-O-O Nb6 14. Kb1 Ng4 15. Rdf1 Bd7 16. g3 Qf6 17. b3 a5 18. Ne1 h5 19. Nf3 Ra7 20. Ng5 Kh6 21. Nd1 Kg7 22. f3 Nh6 23. g4 hxg4 24. fxg4 Nxg4 25. Nf2 Nxf2 26. Rxf2 Rh8 27. Rg2 Nc8 28. h5 Ne7 29. Qe1 c6 30. h6+ Kg8 31. Qg1 c5 32. Qh2 Kf8 33. Qh4 Ke8 34. Bg4 Bxg4 35. Qxg4 a4 36. Ne6 Kf7 37. Rf2 Ra5 38. Nxf4 Kg8 39. Nd3 Qxf2 40. Nxf2 b5 41. Qe6+ Kf8 42. Qf6+ 1-0

[Event "Monarque noir-Tch"]
[Site "Gatineau CAN"]
[Date "2008.01.29"]
[Round "3"]
[White "Libersan, Mattieu"]
[Black "Ben Fredj, Haythem"]
[Result "0-1"]
[WhiteElo "1828"]
[BlackElo "2000"]
[PlyCount "66"]
[GameId "2160767910549053"]
[EventDate "2008.01.15"]
[EventType "team-swiss"]
[EventRounds "7"]
[EventCountry "CAN"]
[SourceTitle "EXT 2011"]
[Source "ChessBase"]
[SourceDate "2011.11.26"]
[SourceVersion "1"]
[SourceVersionDate "2011.11.26"]
[SourceQuality "1"]

1. e4 c5 2. Nf3 e6 3. d4 cxd4 4. Nxd4 Nf6 5. Nc3 Nc6 6. Be3 Bb4 7. Bd3 d5 8. exd5 Nxd5 9. Nxc6 bxc6 10. Bd2 Qa5 11. Ne4 Bxd2+ 12. Qxd2 Qxd2+ 13. Kxd2 a5 14. g3 Ba6 15. Bxa6 Rxa6 16. c4 Nb6 17. b3 Ra7 18. Kc3 Nd7 19. Rad1 c5 20. Rd6 Ke7 21. Rhd1 Rc8 22. f4 a4 23. Ng5 axb3 24. axb3 Nf6 25. Rb6 h6 26. Nf3 Ne4+ 27. Kb2 Rca8 28. Re1 Ra2+ 29. Kb1 Nc3+ 30. Kc1 Rf2 31. Rb7+ Kf6 32. Rxf7+ Kxf7 33. Ne5+ Kg8 0-1

[Event "Monarque noir-Tch"]
[Site "Gatineau CAN"]
[Date "2008.01.29"]
[Round "3"]
[White "Rainey, Ivan"]
[Black "Guimond, Michel"]
[Result "0-1"]
[WhiteElo "1339"]
[BlackElo "1854"]
[PlyCount "78"]
[GameId "2160767910549054"]
[EventDate "2008.01.15"]
[EventType "team-swiss"]
[EventRounds "7"]
[EventCountry "CAN"]
[SourceTitle "EXT 2011"]
[Source "ChessBase"]
[SourceDate "2011.11.26"]
[SourceVersion "1"]
[SourceVersionDate "2011.11.26"]
[SourceQuality "1"]

1. e4 e6 2. d4 d5 3. Nd2 Nf6 4. e5 Nfd7 5. Ngf3 c5 6. Bd3 c4 7. Be2 Nc6 8. c3 g5 9. h3 Ne7 10. Nxg5 h6 11. Nxe6 Qb6 12. Nxf8 Nxf8 13. O-O Rg8 14. Kh2 Qg6 15. Rg1 Ne6 16. Bh5 Qg7 17. Nf1 Ng6 18. Qf3 Bd7 19. b3 cxb3 20. axb3 Rc8 21. g4 Ng5 22. Bxg5 hxg5 23. Rxa7 Nh4 24. Qe3 Qh6 25. Ng3 Qb6 26. Ra3 Be6 27. Rga1 Ke7 28. f4 gxf4 29. Qxf4 Ng6 30. Bxg6 Rxg6 31. Rc1 Qb5 32. Qf3 Rh8 33. Rf1 Kd7 34. Nh5 Kc7 35. Nf4 Bxg4 36. Qf2 Rgh6 37. Kg3 Bxh3 38. Rh1 Rg8+ 39. Kh2 Bf5+ 0-1

[Event "Monarque noir-Tch"]
[Site "Gatineau CAN"]
[Date "2008.01.29"]
[Round "3"]
[White "Reitano, Michael"]
[Black "Labelle, Raymond"]
[Result "0-1"]
[WhiteElo "967"]
[BlackElo "1419"]
[PlyCount "64"]
[GameId "2160767910549055"]
[EventDate "2008.01.15"]
[EventType "team-swiss"]
[EventRounds "7"]
[EventCountry "CAN"]
[SourceTitle "EXT 2011"]
[Source "ChessBase"]
[SourceDate "2011.11.26"]
[SourceVersion "1"]
[SourceVersionDate "2011.11.26"]
[SourceQuality "1"]

1. d4 Nf6 2. e3 d5 3. c3 Nc6 4. Nf3 e6 5. Bd3 Bd6 6. O-O O-O 7. Nbd2 e5 8. b3 e4 9. Bb5 exf3 10. Nxf3 Bd7 11. Qd3 a6 12. Ba4 b5 13. Bxb5 axb5 14. Bb2 Ne7 15. a3 Rb8 16. b4 Bf5 17. Qd1 Be4 18. Nh4 Ng6 19. g3 Nxh4 20. h3 Nf3+ 21. Kh1 Nd2+ 22. Kh2 Nxf1+ 23. Qxf1 Nh5 24. Qe1 f5 25. f4 g5 26. Qf1 Rf7 27. Qf2 Rg7 28. h4 gxh4 29. gxh4 Rg2+ 30. Kh1 Rxf2+ 31. Kg1 Qxh4 32. Rc1 Qh2# 0-1

[Event "Monarque noir-Tch"]
[Site "Gatineau CAN"]
[Date "2008.01.29"]
[Round "3"]
[White "Scantland, Patrick"]
[Black "Arsenault, Yves"]
[Result "1-0"]
[WhiteElo "1706"]
[BlackElo "1503"]
[PlyCount "55"]
[GameId "2160767910549056"]
[EventDate "2008.01.15"]
[EventType "team-swiss"]
[EventRounds "7"]
[EventCountry "CAN"]
[SourceTitle "EXT 2011"]
[Source "ChessBase"]
[SourceDate "2011.11.26"]
[SourceVersion "1"]
[SourceVersionDate "2011.11.26"]
[SourceQuality "1"]

1. d4 e6 2. c4 Nf6 3. Nc3 Bb4 4. Qc2 Nc6 5. Nf3 d5 6. e3 Qe7 7. Bd3 Bd7 8. Bd2 O-O-O 9. a3 Bxc3 10. Bxc3 h6 11. O-O g5 12. b4 dxc4 13. Bxc4 Nd5 14. b5 Nb8 15. Bb2 c6 16. a4 f6 17. Rac1 Nb4 18. Qb3 a5 19. bxa6 N8xa6 20. Ba3 b5 21. Bxb5 Kb7 22. Bxa6+ Kxa6 23. Bxb4 Qf7 24. Bd6 Be8 25. Qc4+ Ka7 26. Qc5+ Ka6 27. Rb1 Qa7 28. Qc4+ 1-0

[Event "Monarque noir-Tch"]
[Site "Gatineau CAN"]
[Date "2008.01.29"]
[Round "3"]
[White "Thompson, Daniel"]
[Black "Groleau, Gilles"]
[Result "0-1"]
[WhiteElo "1639"]
[BlackElo "1951"]
[PlyCount "68"]
[GameId "2160767910549057"]
[EventDate "2008.01.15"]
[EventType "team-swiss"]
[EventRounds "7"]
[EventCountry "CAN"]
[SourceTitle "EXT 2011"]
[Source "ChessBase"]
[SourceDate "2011.11.26"]
[SourceVersion "1"]
[SourceVersionDate "2011.11.26"]
[SourceQuality "1"]

1. d4 Nf6 2. c4 e6 3. Nc3 Bb4 4. f3 d5 5. a3 Bxc3+ 6. bxc3 O-O 7. Bg5 h6 8. Bh4 Nbd7 9. Qc2 g5 10. Bg3 dxc4 11. e4 b5 12. a4 bxa4 13. Bxc4 Nb6 14. Bd3 Qe7 15. h4 Nh5 16. Ne2 Nxg3 17. Nxg3 gxh4 18. e5 hxg3 19. Bh7+ Kg7 20. Rh5 Rh8 21. Be4 Rb8 22. Bc6 Bd7 23. Be4 Bb5 24. f4 Bc4 25. f5 exf5 26. Bxf5 Rbg8 27. Qe4 Bd5 28. Qe2 Kf8 29. Be4 Rg5 30. Rh1 Bc4 31. Qf3 c5 32. Bd3 cxd4 33. Bxc4 Nxc4 34. Rd1 Rxe5+ 0-1

[Event "Monarque noir-Tch"]
[Site "Gatineau CAN"]
[Date "2008.02.05"]
[Round "4"]
[White "Arsenault, Yves"]
[Black "MacIsaac, Alexandre"]
[Result "1-0"]
[WhiteElo "1503"]
[BlackElo "1323"]
[PlyCount "85"]
[GameId "2160767910549058"]
[EventDate "2008.01.15"]
[EventType "team-swiss"]
[EventRounds "7"]
[EventCountry "CAN"]
[SourceTitle "EXT 2011"]
[Source "ChessBase"]
[SourceDate "2011.11.26"]
[SourceVersion "1"]
[SourceVersionDate "2011.11.26"]
[SourceQuality "1"]

1. e4 e5 2. Nf3 Nc6 3. Bc4 Bc5 4. d3 d6 5. Nc3 Nf6 6. Bg5 Be6 7. Bxe6 fxe6 8. Na4 Qd7 9. c3 O-O-O 10. b4 Bb6 11. Nxb6+ axb6 12. a4 Kb8 13. O-O h6 14. Bd2 g5 15. a5 b5 16. Ra2 d5 17. Re1 dxe4 18. dxe4 Nxe4 19. Rxe4 Qd5 20. Qc2 Rhg8 21. c4 bxc4 22. Rxc4 g4 23. Rc5 Qd3 24. Qxd3 Rxd3 25. Ne1 Rd5 26. Rxd5 exd5 27. b5 Na7 28. b6 Nb5 29. bxc7+ Nxc7 30. Bxh6 d4 31. Re2 Re8 32. Bg7 d3 33. Nxd3 e4 34. Nc5 Ne6 35. Nd7+ Kc8 36. Nb6+ Kc7 37. Be5+ Kc6 38. Rxe4 Kb5 39. Nc4 Rd8 40. Nd6+ Ka6 41. Rxg4 b5 42. axb6 Kxb6 43. h4 1-0

[Event "Monarque noir-Tch"]
[Site "Gatineau CAN"]
[Date "2008.02.05"]
[Round "4"]
[White "Ben Fredj, Haythem"]
[Black "Arsenault, Michel"]
[Result "0-1"]
[WhiteElo "2000"]
[BlackElo "2006"]
[PlyCount "142"]
[GameId "2160767910549059"]
[EventDate "2008.01.15"]
[EventType "team-swiss"]
[EventRounds "7"]
[EventCountry "CAN"]
[SourceTitle "EXT 2011"]
[Source "ChessBase"]
[SourceDate "2011.11.26"]
[SourceVersion "1"]
[SourceVersionDate "2011.11.26"]
[SourceQuality "1"]

1. d4 Nf6 2. Nf3 e6 3. c4 b6 4. g3 Bb7 5. Bg2 d6 6. Nc3 Nbd7 7. Qc2 c5 8. d5 e5 9. O-O g6 10. Ng5 h6 11. Nh3 Bg7 12. Rb1 O-O 13. e4 a6 14. b3 Ne8 15. Nd1 b5 16. f4 Kh7 17. Bb2 Rb8 18. Kh1 Bc8 19. Ne3 Qe7 20. Ng4 Nb6 21. f5 g5 22. Ne3 Nf6 23. Bf3 Bd7 24. Rg1 Rh8 25. Qe2 Rb7 26. Bc3 Rhb8 27. Rbc1 Be8 28. Ba5 Nfd7 29. Bh5 bxc4 30. Nxc4 Nxc4 31. Qxc4 Nf6 32. Be2 g4 33. Nf2 h5 34. Qc2 Bh6 35. Bd2 Bb5 36. Bxh6 Kxh6 37. Qd2+ Kh7 38. Bc4 Nd7 39. Qe2 Qg5 40. Rgf1 a5 41. Kg2 a4 42. h3 Nf6 43. hxg4 Bxc4 44. bxc4 Rb2 45. Rc2 a3 46. Rfc1 Nxg4 47. Nxg4 Qxg4 48. Qf2 h4 49. Qf3 Rxc2+ 50. Rxc2 h3+ 51. Kf2 Qxf3+ 52. Kxf3 Rb2 53. Rc3 h2 54. Rc1 Rxa2 55. g4 Rb2 56. g5 a2 57. Rh1 Kg8 58. Kg4 Rb1 59. Rxh2 a1=Q 60. Kh5 Rh1 61. g6 Rxh2+ 62. Kg5 fxg6 63. Kf6 gxf5 64. exf5 e4+ 65. Ke7 Qe5+ 66. Kd7 Qxf5+ 67. Kxd6 Qf8+ 68. Kc7 Rh7+ 69. Kb6 Qd6+ 70. Ka5 Rb7 71. Ka4 Qa6# 0-1

[Event "Monarque noir-Tch"]
[Site "Gatineau CAN"]
[Date "2008.02.05"]
[Round "4"]
[White "Cossette, Daniel"]
[Black "Groleau, Gilles"]
[Result "1/2-1/2"]
[WhiteElo "2125"]
[BlackElo "1951"]
[PlyCount "98"]
[GameId "2160767910549060"]
[EventDate "2008.01.15"]
[EventType "team-swiss"]
[EventRounds "7"]
[EventCountry "CAN"]
[SourceTitle "EXT 2011"]
[Source "ChessBase"]
[SourceDate "2011.11.26"]
[SourceVersion "1"]
[SourceVersionDate "2011.11.26"]
[SourceQuality "1"]

1. e4 c5 2. d4 cxd4 3. c3 e6 4. cxd4 d5 5. e5 Nc6 6. Nc3 Qb6 7. Nf3 Bd7 8. Be2 Bb4 9. O-O Bxc3 10. bxc3 Na5 11. Ba3 Bb5 12. Nd2 Rc8 13. Rb1 Bxe2 14. Qxe2 Qc6 15. Rfc1 Nc4 16. Nxc4 dxc4 17. Qb2 Rc7 18. Bd6 Rd7 19. Qb5 Ne7 20. Bxe7 Kxe7 21. Qxc6 bxc6 22. Rb4 c5 23. Rxc4 cxd4 24. cxd4 Rb8 25. a4 Rb2 26. Rd1 Rdb7 27. g3 Kd7 28. Rdc1 h5 29. h4 g6 30. Kg2 R2b4 31. Kf3 a5 32. Ke4 Rb2 33. Rc5 Rxf2 34. Rxa5 Re2+ 35. Kf3 Rd2 36. Rc4 Rb3+ 37. Kf4 Rf2+ 38. Kg5 f6+ 39. Kxg6 Rxg3+ 40. Kxh5 Rf5+ 41. Kh6 Rg4 42. Ra7+ Kd8 43. exf6 Rxf6+ 44. Kh5 Rff4 45. a5 Rxh4+ 46. Kg6 Rhg4+ 47. Kh6 Rh4+ 48. Kg6 Rhg4+ 49. Kh7 Rxd4 1/2-1/2

[Event "Monarque noir-Tch"]
[Site "Gatineau CAN"]
[Date "2008.02.05"]
[Round "4"]
[White "Danilov, Alex"]
[Black "Thompson, Daniel"]
[Result "1-0"]
[WhiteElo "1908"]
[BlackElo "1639"]
[PlyCount "70"]
[GameId "2160767910549061"]
[EventDate "2008.01.15"]
[EventType "team-swiss"]
[EventRounds "7"]
[EventCountry "CAN"]
[SourceTitle "EXT 2011"]
[Source "ChessBase"]
[SourceDate "2011.11.26"]
[SourceVersion "1"]
[SourceVersionDate "2011.11.26"]
[SourceQuality "1"]

1. c4 Nf6 2. g3 e5 3. Bg2 Nc6 4. Nc3 Bc5 5. e3 O-O 6. Nge2 Re8 7. d3 d6 8. O-O Bg4 9. a3 a5 10. Bd2 Qc8 11. Re1 Qf5 12. Nd5 Nxd5 13. cxd5 Ne7 14. Bc3 h5 15. Qd2 h4 16. gxh4 Bf3 17. Ng3 Qg4 18. h3 Qxh4 19. Bxf3 Qxh3 20. Bg2 Qh7 21. d4 Bb6 22. dxe5 dxe5 23. Bxe5 f6 24. Bf4 Kf7 25. d6 Rad8 26. Rad1 Rh8 27. Bd5+ Nxd5 28. Qxd5+ Kf8 29. Qf5 Qh2+ 30. Kf1 c6 31. d7 Rh3 32. Bd6+ Kg8 33. Qe6+ Kh7 34. Qe4+ Kh8 35. Bf4 a4 1-0

[Event "Monarque noir-Tch"]
[Site "Gatineau CAN"]
[Date "2008.02.05"]
[Round "4"]
[White "Dupont, Claude"]
[Black "Scantland, Patrick"]
[Result "0-1"]
[WhiteElo "1513"]
[BlackElo "1709"]
[PlyCount "70"]
[GameId "2160767910549062"]
[EventDate "2008.01.15"]
[EventType "team-swiss"]
[EventRounds "7"]
[EventCountry "CAN"]
[SourceTitle "EXT 2011"]
[Source "ChessBase"]
[SourceDate "2011.11.26"]
[SourceVersion "1"]
[SourceVersionDate "2011.11.26"]
[SourceQuality "1"]

1. e4 e5 2. Nf3 Nf6 3. d3 Nc6 4. Be2 Bb4+ 5. c3 Ba5 6. Be3 O-O 7. b4 Bb6 8. Bxb6 axb6 9. Nbd2 d6 10. a4 Be6 11. b5 Ne7 12. d4 Ng6 13. d5 Bd7 14. O-O Qe7 15. Ne1 Nf4 16. Nd3 Nxd3 17. Bxd3 Ra7 18. c4 Rfa8 19. f3 Be8 20. f4 Nd7 21. Nb3 Rxa4 22. Rxa4 Rxa4 23. f5 f6 24. Nc5 Nxc5 25. Rf3 Bh5 26. h3 Bxf3 27. gxf3 Qd8 28. Be2 Qa8 29. Kg2 Ra1 30. Qd2 Qa2 31. Qe3 Qb1 32. Kh2 Qh1+ 33. Kg3 Rg1+ 34. Kh4 Rg5 35. f4 Qe1+ 0-1

[Event "Monarque noir-Tch"]
[Site "Gatineau CAN"]
[Date "2008.02.05"]
[Round "4"]
[White "Guimond, Michel"]
[Black "Lacourse, Guy"]
[Result "1/2-1/2"]
[WhiteElo "1854"]
[BlackElo "1583"]
[PlyCount "48"]
[GameId "2160767910549063"]
[EventDate "2008.01.15"]
[EventType "team-swiss"]
[EventRounds "7"]
[EventCountry "CAN"]
[SourceTitle "EXT 2011"]
[Source "ChessBase"]
[SourceDate "2011.11.26"]
[SourceVersion "1"]
[SourceVersionDate "2011.11.26"]
[SourceQuality "1"]

1. e4 c5 2. Nf3 e6 3. d4 cxd4 4. Nxd4 Nc6 5. Be3 Nf6 6. Nd2 a6 7. c3 Be7 8. f4 d6 9. Qf3 Qc7 10. Bd3 Bd7 11. g4 h5 12. g5 Ng8 13. a3 e5 14. Nxc6 Bg4 15. Nxe7 Bxf3 16. Nd5 Qd7 17. Nxf3 Qh3 18. Be2 Rc8 19. O-O-O Ne7 20. Nxe7 Kxe7 21. fxe5 dxe5 22. Rd5 f6 23. Rhd1 Rhd8 24. Bf2 Rxd5 1/2-1/2

[Event "Monarque noir-Tch"]
[Site "Gatineau CAN"]
[Date "2008.02.05"]
[Round "4"]
[White "Jani, Louis"]
[Black "Berthiaume, Serge"]
[Result "1-0"]
[WhiteElo "1460"]
[BlackElo "1290"]
[PlyCount "86"]
[GameId "2160767910549064"]
[EventDate "2008.01.15"]
[EventType "team-swiss"]
[EventRounds "7"]
[EventCountry "CAN"]
[SourceTitle "EXT 2011"]
[Source "ChessBase"]
[SourceDate "2011.11.26"]
[SourceVersion "1"]
[SourceVersionDate "2011.11.26"]
[SourceQuality "1"]

1. e4 e5 2. Nf3 Nc6 3. Bc4 Nf6 4. Ng5 d5 5. exd5 Nxd5 6. Nxf7 Kxf7 7. Qf3+ Ke8 8. Bxd5 Qd7 9. c3 Bc5 10. O-O Rf8 11. Bxc6 bxc6 12. Qh5+ g6 13. Qxe5+ Qe7 14. Qxe7+ Kxe7 15. d4 Bb6 16. Bg5+ Kd7 17. Re1 Rf7 18. b4 a5 19. Be3 axb4 20. cxb4 Rf5 21. Nd2 Ba6 22. Nf3 Bb5 23. a3 Ba4 24. Rec1 Rd5 25. Rc3 Bxd4 26. Nxd4 Re8 27. Rc5 Rxc5 28. bxc5 Rb8 29. h4 h5 30. Rc1 Ra8 31. Rc3 Bd1 32. Rd3 Ba4 33. Nf3+ Kc8 34. Ne5 Bc2 35. Rc3 Be4 36. f3 Bd5 37. Nxg6 Ra4 38. Bg5 Kb7 39. Kf2 Ka6 40. Ne7 Kb7 41. g3 Ka6 42. f4 Kb7 43. Nxd5 Ka6 1-0

[Event "Monarque noir-Tch"]
[Site "Gatineau CAN"]
[Date "2008.02.05"]
[Round "4"]
[White "Jiang, Qizhe"]
[Black "Libersan, Mattieu"]
[Result "0-1"]
[WhiteElo "935"]
[BlackElo "1828"]
[PlyCount "66"]
[GameId "2160767910549065"]
[EventDate "2008.01.15"]
[EventType "team-swiss"]
[EventRounds "7"]
[EventCountry "CAN"]
[SourceTitle "EXT 2011"]
[Source "ChessBase"]
[SourceDate "2011.11.26"]
[SourceVersion "1"]
[SourceVersionDate "2011.11.26"]
[SourceQuality "1"]

1. e4 e5 2. Nf3 f5 3. Nc3 fxe4 4. Nxe4 d5 5. Ng3 Nc6 6. Bb5 Bg4 7. Bxc6+ bxc6 8. d3 Nf6 9. h3 Bxf3 10. gxf3 Bc5 11. Qe2 O-O 12. f4 exf4 13. Bxf4 Re8 14. Be3 d4 15. O-O-O dxe3 16. fxe3 Bxe3+ 17. Kb1 Rb8 18. Ne4 Rxb2+ 19. Kxb2 Qb8+ 20. Ka1 Bd4+ 21. c3 Bxc3+ 22. Nxc3 Rxe2 23. Nxe2 Qe8 24. Rhe1 Qe3 25. Ng1 Qd4+ 26. Kb1 Nd5 27. Re8+ Kf7 28. Rde1 Qxd3+ 29. Kc1 Qa3+ 30. Kd2 Qxa2+ 31. Kd3 Qb3+ 32. Kd2 Qb2+ 33. Kd1 Nc3# 0-1

[Event "Monarque noir-Tch"]
[Site "Gatineau CAN"]
[Date "2008.02.05"]
[Round "4"]
[White "Kennedy, Phillip"]
[Black "Duret, Serge"]
[Result "1-0"]
[WhiteElo "1337"]
[BlackElo "1035"]
[PlyCount "57"]
[GameId "2160767910549066"]
[EventDate "2008.01.15"]
[EventType "team-swiss"]
[EventRounds "7"]
[EventCountry "CAN"]

1. c4 c5 2. g3 Nc6 3. Bg2 Nf6 4. Nc3 e6 5. Nf3 d5 6. d3 Be7 7. cxd5 exd5 8. Bf4 d4 9. Nb5 Nd5 10. Qd2 a6 11. Na3 Nxf4 12. Qxf4 Be6 13. O-O O-O 14. Ng5 Bxg5 15. Qf3 Qd7 16. Nc4 Bxc4 17. dxc4 Ne5 18. Qb3 Rab8 19. f4 Ng4 20. fxg5 Ne3 21. Rf4 Nxg2 22. Kxg2 Qc6+ 23. Kg1 Rfe8 24. Qd3 Re3 25. Qf5 Rf8 26. Kf2 Rfe8 27. Qxf7+ Kh8 28. Qf8+ Rxf8 29. Rxf8# 1-0